[Event "The Blackthorne Irish Championship 2019"]
[Site "Talbot Stillorgan Hotel, Dublin, Ireland"]
[Date "2019.08.10"]
[Round "8"]
[Board "3"]
[White "O'Donnell, Conor"]
[Black "Brady, Stephen"]
[Result "1/2-1/2"]
[WhiteElo "2311"]
[BlackElo "2282"]
[PlyCount "0"]
[EventDate "2019.08.03"]
[EventRounds "9"]
[EventCountry "IRL"]

1. Nf3 {[%clk 01:43:03]} {[%emt 00:02:55]} Nf6 {[%clk 01:44:57]} {[%emt
00:01:04]} 2. c4 {[%clk 01:42:59]} {[%emt 00:00:34]} e6 {[%clk 01:45:20]}
{[%emt 00:00:08]} 3. g3 {[%clk 01:43:12]} {[%emt 00:00:16]} d5 {[%clk
01:45:25]} {[%emt 00:00:26]} 4. Bg2 {[%clk 01:43:12]} {[%emt 00:00:29]} Be7
{[%clk 01:45:49]} {[%emt 00:00:07]} 5. O-O {[%clk 01:43:15]} {[%emt 00:00:27]}
O-O {[%clk 01:46:13]} {[%emt 00:00:07]} 6. d4 {[%clk 01:42:28]} {[%emt
00:01:17]} c6 {[%clk 01:44:30]} {[%emt 00:02:14]} 7. Qc2 {[%clk 01:41:08]}
{[%emt 00:01:50]} b6 {[%clk 01:44:50]} {[%emt 00:00:10]} 8. b3 {[%clk
01:39:10]} {[%emt 00:02:27]} Nbd7 {[%clk 01:44:42]} {[%emt 00:00:39]} 9. Rd1
{[%clk 01:38:24]} {[%emt 00:01:15]} a5 {[%clk 01:37:15]} {[%emt 00:07:58]} 10.
Nc3 {[%clk 01:35:18]} {[%emt 00:03:35]} Ba6 {[%clk 01:33:21]} {[%emt 00:04:26]}
11. Nd2 {[%clk 01:32:33]} {[%emt 00:03:13]} b5 {[%clk 01:30:02]} {[%emt
00:03:51]} 12. e4 {[%clk 01:27:47]} {[%emt 00:05:15]} bxc4 {[%clk 01:22:22]}
{[%emt 00:08:11]} 13. bxc4 {[%clk 01:27:35]} {[%emt 00:00:41]} Rb8 {[%clk
01:22:02]} {[%emt 00:00:51]} 14. exd5 {[%clk 01:02:20]} {[%emt 00:25:45]} exd5
{[%clk 01:22:24]} {[%emt 00:00:08]} 15. cxd5 {[%clk 01:02:15]} {[%emt
00:00:35]} cxd5 {[%clk 01:22:46]} {[%emt 00:00:09]} 16. Nxd5 {[%clk 01:00:07]}
{[%emt 00:02:38]} Nxd5 {[%clk 01:22:37]} {[%emt 00:00:38]} 17. Bxd5 {[%clk
00:58:12]} {[%emt 00:02:24]} Nf6 {[%clk 01:21:11]} {[%emt 00:01:57]} 18. Bf3
{[%clk 00:36:23]} {[%emt 00:22:17]} Qxd4 {[%clk 01:07:37]} {[%emt 00:14:06]} 19.
Nb3 {[%clk 00:36:45]} {[%emt 00:00:06]} Qa4 {[%clk 01:07:35]} {[%emt 00:00:35]}
20. Qc7 {[%clk 00:27:46]} {[%emt 00:09:29]} Bb4 {[%clk 00:58:17]} {[%emt
00:09:47]} 21. Bg5 {[%clk 00:27:25]} {[%emt 00:00:49]} Rbc8 {[%clk 00:51:37]}
{[%emt 00:07:12]} 22. Qa7 {[%clk 00:25:57]} {[%emt 00:01:57]} Bc4 {[%clk
00:51:58]} {[%emt 00:00:10]} 23. Bxf6 {[%clk 00:22:52]} {[%emt 00:03:35]} gxf6
{[%clk 00:52:15]} {[%emt 00:00:13]} 24. Qd4 {[%clk 00:18:27]} {[%emt 00:04:55]}
Bxb3 {[%clk 00:46:50]} {[%emt 00:05:55]} 25. axb3 {[%clk 00:18:51]} {[%emt
00:00:06]} Qxb3 {[%clk 00:45:32]} {[%emt 00:01:49]} 26. Qg4+ {[%clk 00:17:48]}
{[%emt 00:01:32]} Kh8 {[%clk 00:45:53]} {[%emt 00:00:09]} 27. Be4 {[%clk
00:10:32]} {[%emt 00:07:46]} Rc5 {[%clk 00:34:54]} {[%emt 00:11:29]} 28. Bf5
{[%clk 00:04:35]} {[%emt 00:06:27]} h6 {[%clk 00:29:21]} {[%emt 00:06:03]} 29.
Qh5 {[%clk 00:04:56]} {[%emt 00:00:09]} Kg7 {[%clk 00:18:50]} {[%emt 00:11:01]}
30. Qg4+ {[%clk 00:05:20]} {[%emt 00:00:06]} Kh8 {[%clk 00:19:15]} {[%emt
00:00:05]} 31. Qh5 {[%clk 00:05:46]} {[%emt 00:00:03]} Kg7 {[%clk 00:19:39]}
{[%emt 00:00:06]} 32. Rd4 {[%clk 00:06:07]} {[%emt 00:00:09]} Re8 {[%clk
00:19:51]} {[%emt 00:00:18]} 33. Rg4+ {[%clk 00:06:01]} {[%emt 00:00:35]} Kf8
{[%clk 00:20:15]} {[%emt 00:00:06]} 34. Qxh6+ {[%clk 00:06:10]} {[%emt
00:00:21]} Ke7 {[%clk 00:20:39]} {[%emt 00:00:06]} 35. Qh7 {[%clk 00:00:54]}
{[%emt 00:05:46]} Rd8 {[%clk 00:18:34]} {[%emt 00:02:35]} 36. Rb1 {[%clk
00:00:37]} {[%emt 00:00:47]} Rd1+ {[%clk 00:14:43]} {[%emt 00:04:21]} 37. Rxd1
{[%clk 00:01:06]} {[%emt 00:00:02]} Qxd1+ {[%clk 00:15:07]} {[%emt 00:00:06]}
38. Kg2 {[%clk 00:01:32]} {[%emt 00:00:03]} Re5 {[%clk 00:15:26]} {[%emt
00:00:11]} 39. Rf4 {[%clk 00:00:41]} {[%emt 00:01:21]} Bd6 {[%clk 00:12:41]}
{[%emt 00:03:16]} 40. Qh4 {[%clk 00:00:34]} {[%emt 00:00:36]} Re1 {[%clk
00:10:34]} {[%emt 00:02:37]} 41. Rd4 {[%clk 00:20:04]} {[%emt 00:11:01]} Qa1
{[%clk 00:34:23]} {[%emt 00:06:41]} 42. Kh3 {[%clk 00:16:58]} {[%emt 00:03:36]}
Re5 {[%clk 00:34:00]} {[%emt 00:00:53]} 43. Bd3 {[%clk 00:13:34]} {[%emt
00:03:54]} Qc3 {[%clk 00:30:37]} {[%emt 00:03:53]} 44. Bc4 {[%clk 00:10:12]}
{[%emt 00:03:50]} Qf3 {[%clk 00:28:12]} {[%emt 00:02:57]} 45. Rf4 {[%clk
00:08:06]} {[%emt 00:02:36]} Qh5 {[%clk 00:28:30]} {[%emt 00:00:12]} 46. Kg2
{[%clk 00:07:29]} {[%emt 00:01:07]} Qxh4 {[%clk 00:28:09]} {[%emt 00:00:52]} 47.
Rxh4 {[%clk 00:07:57]} {[%emt 00:00:01]} Rc5 {[%clk 00:27:54]} {[%emt
00:00:45]} 48. Bb3 {[%clk 00:06:05]} {[%emt 00:02:22]} Rb5 {[%clk 00:28:02]}
{[%emt 00:00:22]} 49. Re4+ {[%clk 00:05:14]} {[%emt 00:01:21]} Kf8 {[%clk
00:27:05]} {[%emt 00:01:28]} 50. Ba4 {[%clk 00:03:31]} {[%emt 00:02:12]} Rb4
{[%clk 00:27:15]} {[%emt 00:00:20]} 51. Rxb4 {[%clk 00:02:48]} {[%emt
00:01:13]} Bxb4 {[%clk 00:27:28]} {[%emt 00:00:17]} 52. Kf3 {[%clk 00:03:07]}
{[%emt 00:00:11]} Kg7 {[%clk 00:27:52]} {[%emt 00:00:06]} 53. Ke4 {[%clk
00:03:10]} {[%emt 00:00:27]} Bc5 {[%clk 00:28:15]} {[%emt 00:00:07]} 54. f4
{[%clk 00:03:14]} {[%emt 00:00:25]} Bg1 {[%clk 00:28:40]} {[%emt 00:00:06]} 55.
h3 {[%clk 00:03:16]} {[%emt 00:00:28]} Bf2 {[%clk 00:29:05]} {[%emt 00:00:05]}
56. g4 {[%clk 00:03:34]} {[%emt 00:00:13]} Be1 {[%clk 00:29:30]} {[%emt
00:00:05]} 57. Kf5 {[%clk 00:02:34]} {[%emt 00:01:30]} Bf2 {[%clk 00:26:11]}
{[%emt 00:03:49]} 58. Bb3 {[%clk 00:02:08]} {[%emt 00:00:55]} Be1 {[%clk
00:26:36]} {[%emt 00:00:07]} 59. Ke4 {[%clk 00:02:23]} {[%emt 00:00:13]} Bf2
{[%clk 00:27:01]} {[%emt 00:00:05]} 60. Kd5 {[%clk 00:02:26]} {[%emt 00:00:27]}
Bg3 {[%clk 00:27:23]} {[%emt 00:00:08]} 61. f5 {[%clk 00:02:26]} {[%emt
00:00:30]} Kf8 {[%clk 00:27:52]} 62. Kc6 {[%clk 00:02:37]} {[%emt 00:00:20]}
Kg7 {[%clk 00:28:13]} {[%emt 00:00:09]} 63. Kd7 {[%clk 00:02:31]} {[%emt
00:00:35]} Kf8 {[%clk 00:28:42]} {[%emt 00:00:01]} 64. Kc6 {[%clk 00:02:52]}
{[%emt 00:00:09]} Kg7 {[%clk 00:29:07]} {[%emt 00:00:05]} 65. Kb5 {[%clk
00:03:18]} {[%emt 00:00:03]} Be1 {[%clk 00:29:31]} {[%emt 00:00:06]} 66. h4
{[%clk 00:03:38]} {[%emt 00:00:09]} Bxh4 {[%clk 00:29:56]} {[%emt 00:00:05]} 67.
Kxa5 {[%clk 00:04:05]} {[%emt 00:00:05]} Kf8 {[%clk 00:30:20]} {[%emt
00:00:06]} 68. Kb5 {[%clk 00:04:24]} {[%emt 00:00:11]}  1/2-1/2

[Event "The Blackthorne Irish Championship 2019"]
[Site "Talbot Stillorgan Hotel, Dublin, Ireland"]
[Date "2019.08.10"]
[Round "8"]
[Board "14"]
[White "Moran, Darragh"]
[Black "Kennedy, John"]
[Result "0-1"]
[WhiteElo "1847"]
[BlackElo "2050"]
[PlyCount "0"]
[EventDate "2019.08.03"]
[EventRounds "9"]
[EventCountry "IRL"]

1. d4 {[%clk 01:41:31]} {[%emt 00:04:28]} Nf6 {[%clk 01:45:52]} {[%emt
00:00:08]} 2. c4 {[%clk 01:41:55]} {[%emt 00:00:06]} g6 {[%clk 01:46:15]}
{[%emt 00:00:06]} 3. Nc3 {[%clk 01:42:21]} {[%emt 00:00:05]} Bg7 {[%clk
01:46:40]} {[%emt 00:00:05]} 4. e4 {[%clk 01:42:47]} {[%emt 00:00:04]} d6
{[%clk 01:47:05]} {[%emt 00:00:05]} 5. Be2 {[%clk 01:43:11]} {[%emt 00:00:06]}
O-O {[%clk 01:47:28]} {[%emt 00:00:07]} 6. Be3 {[%clk 01:43:38]} {[%emt
00:00:03]} Nbd7 {[%clk 01:47:01]} {[%emt 00:00:57]} 7. Nf3 {[%clk 01:43:07]}
{[%emt 00:01:02]} e5 {[%clk 01:47:24]} {[%emt 00:00:07]} 8. O-O {[%clk
01:43:30]} {[%emt 00:00:07]} Re8 {[%clk 01:47:28]} {[%emt 00:00:25]} 9. d5
{[%clk 01:36:20]} {[%emt 00:07:41]} Nc5 {[%clk 01:46:22]} {[%emt 00:01:36]} 10.
Nd2 {[%clk 01:31:21]} {[%emt 00:05:28]} a5 {[%clk 01:43:03]} {[%emt 00:03:49]}
11. a3 {[%clk 01:27:59]} {[%emt 00:03:52]} a4 {[%clk 01:37:20]} {[%emt
00:06:13]} 12. Bxc5 {[%clk 01:25:21]} {[%emt 00:03:08]} dxc5 {[%clk 01:37:38]}
{[%emt 00:00:12]} 13. Nxa4 {[%clk 01:24:47]} {[%emt 00:01:05]} b6 {[%clk
01:35:57]} {[%emt 00:02:10]} 14. b4 {[%clk 01:14:09]} {[%emt 00:11:08]} Qe7
{[%clk 01:35:08]} {[%emt 00:01:18]} 15. Qb3 {[%clk 01:12:45]} {[%emt 00:01:54]}
Bh6 {[%clk 01:33:05]} {[%emt 00:02:33]} 16. Rfd1 {[%clk 00:57:32]} {[%emt
00:15:43]} Bxd2 {[%clk 01:30:53]} {[%emt 00:02:43]} 17. Rxd2 {[%clk 00:57:45]}
{[%emt 00:00:17]} Nxe4 {[%clk 01:31:16]} {[%emt 00:00:06]} 18. Rdd1 {[%clk
00:50:42]} {[%emt 00:07:32]} Qh4 {[%clk 01:25:43]} {[%emt 00:06:03]} 19. g3
{[%clk 00:48:05]} {[%emt 00:03:07]} Qh6 {[%clk 01:22:57]} {[%emt 00:03:17]} 20.
Nc3 {[%clk 00:35:52]} {[%emt 00:12:43]} Nxf2 {[%clk 01:17:32]} {[%emt
00:05:54]} 21. Kxf2 {[%clk 00:34:38]} {[%emt 00:01:45]} Qxh2+ {[%clk 01:17:54]}
{[%emt 00:00:08]} 22. Ke1 {[%clk 00:33:14]} {[%emt 00:01:53]} Qxg3+ {[%clk
01:17:30]} {[%emt 00:00:55]} 23. Kd2 {[%clk 00:33:42]} {[%emt 00:00:02]} Bf5
{[%clk 01:13:59]} {[%emt 00:04:00]} 24. Kc1 {[%clk 00:24:23]} {[%emt 00:09:50]}
h5 {[%clk 01:11:35]} {[%emt 00:02:54]} 25. Kb2 {[%clk 00:20:52]} {[%emt
00:04:01]} Qe3 {[%clk 01:10:28]} {[%emt 00:01:37]} 26. Bf1 {[%clk 00:20:26]}
{[%emt 00:00:56]} h4 {[%clk 01:03:41]} {[%emt 00:07:17]} 27. Ne2 {[%clk
00:20:01]} {[%emt 00:00:55]} Qf2 {[%clk 00:59:31]} {[%emt 00:04:40]} 28. Qc3
{[%clk 00:18:32]} {[%emt 00:01:59]} cxb4 {[%clk 00:56:24]} {[%emt 00:03:37]} 29.
axb4 {[%clk 00:18:14]} {[%emt 00:00:47]} Rxa1 {[%clk 00:55:14]} {[%emt
00:01:40]} 30. Rxa1 {[%clk 00:18:15]} {[%emt 00:00:29]} Bg4 {[%clk 00:54:07]}
{[%emt 00:01:38]} 31. Qe1 {[%clk 00:18:14]} {[%emt 00:00:31]} Qf6 {[%clk
00:45:53]} {[%emt 00:08:44]} 32. Ra7 {[%clk 00:13:48]} {[%emt 00:04:57]} e4+
{[%clk 00:40:58]} {[%emt 00:05:24]} 33. Nc3 {[%clk 00:10:54]} {[%emt 00:03:24]}
e3 {[%clk 00:34:17]} {[%emt 00:07:11]} 34. Rxc7 {[%clk 00:07:42]} {[%emt
00:03:41]} e2 {[%clk 00:33:08]} {[%emt 00:01:39]} 35. Bg2 {[%clk 00:07:00]}
{[%emt 00:01:11]} Re3 {[%clk 00:28:54]} {[%emt 00:04:44]} 36. d6 {[%clk
00:00:57]} {[%emt 00:06:34]} Rxc3 {[%clk 00:28:30]} {[%emt 00:00:54]} 37. c5
{[%clk 00:00:32]} {[%emt 00:00:55]} Rxc5+ {[%clk 00:27:55]} {[%emt 00:01:05]}
38. Kb3 {[%clk 00:00:32]} {[%emt 00:00:30]} Qc3+ {[%clk 00:21:18]} {[%emt
00:07:07]} 39. Qxc3 {[%clk 00:00:52]} {[%emt 00:00:10]} Rxc3+ {[%clk 00:21:44]}
{[%emt 00:00:04]} 40. Rxc3 {[%emt 00:01:43]} e1=Q 41. Rd3 {[%clk 00:30:06]}
{[%emt 00:00:40]} Be6+ {[%clk 00:51:41]} {[%emt 00:00:25]} 42. Bd5 {[%clk
00:30:06]} {[%emt 00:00:30]} h3 {[%clk 00:50:39]} {[%emt 00:01:32]} 43. Bxe6
{[%clk 00:30:12]} {[%emt 00:00:24]} Qxe6+ {[%clk 00:51:02]} {[%emt 00:00:07]}
44. Kc3 {[%clk 00:30:20]} {[%emt 00:00:22]} Qd7 {[%clk 00:51:25]} {[%emt
00:00:06]} 45. Kd4 {[%emt 00:00:30]}  0-1

[Event "The Blackthorne Irish Championship 2019"]
[Site "Talbot Stillorgan Hotel, Dublin, Ireland"]
[Date "2019.08.11"]
[Round "9"]
[Board "1"]
[White "Murphy, Conor E."]
[Black "O'Donnell, Conor"]
[Result "1-0"]
[WhiteElo "2315"]
[BlackElo "2311"]
[PlyCount "0"]
[EventDate "2019.08.03"]
[EventRounds "9"]
[EventCountry "IRL"]

1. e4 {[%clk 01:45:57]} {[%emt 15:55:53]} c5 {[%clk 01:37:37]} {[%emt
00:07:37]} 2. Nf3 {[%clk 01:46:17]} {[%emt 00:00:09]} d6 {[%clk 01:37:57]}
{[%emt 00:00:11]} 3. Bb5+ {[%clk 01:46:12]} {[%emt 00:00:35]} Nd7 {[%clk
01:38:00]} {[%emt 00:00:28]} 4. Ba4 {[%clk 01:46:26]} {[%emt 00:00:16]} Ngf6
{[%clk 01:32:20]} {[%emt 00:06:10]} 5. O-O {[%clk 01:46:34]} {[%emt 00:00:21]}
e5 {[%clk 01:17:26]} {[%emt 00:15:24]} 6. d3 {[%clk 01:42:16]} {[%emt
00:04:49]} Be7 {[%clk 01:13:38]} {[%emt 00:04:19]} 7. a3 {[%clk 01:37:55]}
{[%emt 00:04:51]} O-O {[%clk 01:12:38]} {[%emt 00:01:30]} 8. c4 {[%clk
01:34:57]} {[%emt 00:03:27]} Ne8 {[%clk 01:08:57]} {[%emt 00:04:11]} 9. b4
{[%clk 01:31:30]} {[%emt 00:03:57]} b6 {[%clk 01:05:50]} {[%emt 00:03:37]} 10.
Nc3 {[%clk 01:30:02]} {[%emt 00:01:59]} f5 {[%clk 01:01:13]} {[%emt 00:05:07]}
11. Bc6 {[%clk 01:24:59]} {[%emt 00:05:32]} Rb8 {[%clk 01:01:39]} {[%emt
00:00:05]} 12. exf5 {[%clk 01:25:03]} {[%emt 00:00:26]} Rxf5 {[%clk 00:59:02]}
{[%emt 00:03:06]} 13. Bd5+ {[%clk 01:20:21]} {[%emt 00:05:13]} Kh8 {[%clk
00:59:05]} {[%emt 00:00:27]} 14. Be6 {[%clk 01:02:20]} {[%emt 00:18:30]} Rf8
{[%clk 00:59:12]} {[%emt 00:00:23]} 15. Ne4 {[%clk 01:01:31]} {[%emt 00:01:20]}
Nc7 {[%clk 00:54:33]} {[%emt 00:05:09]} 16. Nfg5 {[%clk 00:49:07]} {[%emt
00:12:55]} Qe8 {[%clk 00:53:50]} {[%emt 00:01:10]} 17. Bg4 {[%clk 00:46:14]}
{[%emt 00:03:25]} Nf6 {[%clk 00:46:41]} {[%emt 00:07:39]} 18. Nxf6 {[%clk
00:45:31]} {[%emt 00:01:13]} gxf6 {[%clk 00:35:22]} {[%emt 00:11:49]} 19. Bh5
{[%clk 00:45:00]} {[%emt 00:01:01]} Qd7 {[%clk 00:35:49]} {[%emt 00:00:03]} 20.
Nf7+ {[%clk 00:44:58]} {[%emt 00:00:33]} Kg8 {[%clk 00:36:16]} {[%emt
00:00:03]} 21. Bg4 {[%clk 00:42:22]} {[%emt 00:03:06]} Qe8 {[%clk 00:27:38]}
{[%emt 00:09:09]} 22. Nh6+ {[%clk 00:42:00]} {[%emt 00:00:52]} Kh8 {[%clk
00:26:48]} {[%emt 00:01:19]} 23. Bxc8 {[%clk 00:36:24]} {[%emt 00:06:06]} Rxc8
{[%clk 00:26:04]} {[%emt 00:01:14]} 24. Nf5 {[%clk 00:35:59]} {[%emt 00:00:55]}
Rg8 {[%clk 00:24:08]} {[%emt 00:02:26]} 25. Qf3 {[%clk 00:35:14]} {[%emt
00:01:15]} Ne6 {[%clk 00:22:01]} {[%emt 00:02:35]} 26. b5 {[%clk 00:31:28]}
{[%emt 00:04:17]} Nd4 {[%clk 00:13:03]} {[%emt 00:09:29]} 27. Nxd4 {[%clk
00:27:51]} {[%emt 00:04:08]} cxd4 {[%clk 00:13:31]} {[%emt 00:00:01]} 28. a4
{[%clk 00:27:53]} {[%emt 00:00:27]} Qd7 {[%clk 00:11:52]} {[%emt 00:02:09]} 29.
Ba3 {[%clk 00:25:28]} {[%emt 00:02:56]} Rg6 {[%clk 00:05:20]} {[%emt 00:07:01]}
30. Bb4 {[%clk 00:24:15]} {[%emt 00:01:43]} Rcg8 {[%clk 00:05:07]} {[%emt
00:00:43]} 31. g3 {[%clk 00:24:23]} {[%emt 00:00:22]} f5 {[%clk 00:04:45]}
{[%emt 00:00:52]} 32. a5 {[%clk 00:24:17]} {[%emt 00:00:36]} f4 {[%clk
00:02:40]} {[%emt 00:02:35]} 33. axb6 {[%clk 00:23:54]} {[%emt 00:00:52]} axb6
{[%clk 00:02:58]} {[%emt 00:00:12]} 34. Ra8 {[%clk 00:23:20]} {[%emt 00:01:04]}
Bd8 {[%clk 00:02:58]} {[%emt 00:00:30]} 35. Rfa1 {[%clk 00:23:05]} {[%emt
00:00:46]} fxg3 {[%clk 00:03:06]} {[%emt 00:00:22]} 36. hxg3 {[%clk 00:20:28]}
{[%emt 00:03:06]} Qh3 {[%clk 00:02:11]} {[%emt 00:01:26]} 37. Qg2 {[%clk
00:16:59]} {[%emt 00:03:59]} Qf5 {[%clk 00:02:19]} {[%emt 00:00:22]} 38. R1a3
{[%clk 00:13:00]} {[%emt 00:04:30]} h5 {[%clk 00:01:54]} {[%emt 00:00:55]} 39.
Be1 {[%clk 00:12:45]} {[%emt 00:00:44]} h4 {[%clk 00:01:30]} {[%emt 00:00:55]}
40. Qe4 {[%clk 00:11:29]} {[%emt 00:01:45]} Qh5 {[%clk 00:00:32]} {[%emt
00:01:28]} 41. Ra2 {[%clk 00:26:31]} {[%emt 00:15:28]} Rg4 {[%clk 00:24:11]}
{[%emt 00:06:51]} 42. Qg2 {[%clk 00:25:38]} {[%emt 00:01:22]} Qf5 {[%clk
00:15:13]} {[%emt 00:09:30]} 43. Qf1 {[%clk 00:20:41]} {[%emt 00:05:26]} Rf8
{[%clk 00:11:20]} {[%emt 00:04:23]} 44. f3 {[%clk 00:19:57]} {[%emt 00:01:15]}
Rgg8 {[%clk 00:11:32]} {[%emt 00:00:18]} 45. Rg2 {[%clk 00:16:59]} {[%emt
00:03:28]} Qh3 {[%clk 00:07:13]} {[%emt 00:04:49]} 46. Qe2 {[%clk 00:04:22]}
{[%emt 00:13:07]} hxg3 {[%clk 00:05:37]} {[%emt 00:02:06]} 47. Qe4 {[%clk
00:04:16]} {[%emt 00:00:36]} Rf7 {[%clk 00:02:37]} {[%emt 00:03:30]} 48. Bxg3
{[%clk 00:03:56]} {[%emt 00:00:50]} Rh7 {[%clk 00:01:14]} {[%emt 00:01:52]} 49.
Bxe5+ {[%clk 00:04:21]} {[%emt 00:00:06]} dxe5 {[%clk 00:01:06]} {[%emt
00:00:38]} 50. Rxg8+ {[%clk 00:04:39]} {[%emt 00:00:11]} Kxg8 {[%clk 00:01:32]}
{[%emt 00:00:04]} 51. Rxd8+ {[%clk 00:05:05]} {[%emt 00:00:05]} Kg7 {[%clk
00:00:45]} {[%emt 00:01:16]} 52. Qxe5+ {[%clk 00:05:22]} {[%emt 00:00:13]} Kf7
{[%clk 00:00:58]} {[%emt 00:00:17]} 53. Qd5+ {[%clk 00:05:05]} {[%emt
00:00:47]} Kg7 {[%clk 00:00:47]} {[%emt 00:00:41]} 54. Rd7+ {[%clk 00:05:16]}
{[%emt 00:00:19]} Kh6 {[%clk 00:00:32]} {[%emt 00:00:45]} 55. Rd6+ {[%clk
00:05:29]} {[%emt 00:00:16]} Kg7 {[%clk 00:00:57]} {[%emt 00:00:06]} 56. Qb7+
{[%clk 00:05:53]} {[%emt 00:00:06]}  1-0

[Event "The Blackthorne Irish Championship 2019"]
[Site "Talbot Stillorgan Hotel, Dublin, Ireland"]
[Date "2019.08.11"]
[Round "9"]
[Board "6"]
[White "Moran, Stephen"]
[Black "Daly, Colm"]
[Result "0-1"]
[WhiteElo "2186"]
[BlackElo "2213"]
[PlyCount "0"]
[EventDate "2019.08.03"]
[EventRounds "9"]
[EventCountry "IRL"]

1. d4 {[%clk 01:45:58]} {[%emt 00:05:47]} e6 {[%clk 01:38:07]} 2. c4 {[%clk
01:44:04]} Bb4+ {[%clk 01:35:37]} 3. Nc3 {[%clk 01:42:30]} Nf6 {[%clk
01:32:00]} 4. e3 {[%clk 01:42:44]} O-O {[%clk 01:29:41]} 5. Nge2 {[%clk
01:43:08]} Re8 {[%clk 01:24:41]} 6. a3 {[%clk 01:43:09]} Bf8 {[%clk 01:25:08]}
7. Nf4 {[%clk 01:24:27]} d6 {[%clk 01:22:40]} 8. Be2 {[%clk 01:23:07]} Nbd7
{[%clk 01:22:08]} 9. O-O {[%clk 01:22:47]} c6 {[%clk 01:22:22]} 10. d5 {[%clk
01:19:10]} exd5 {[%clk 01:08:21]} 11. cxd5 {[%clk 01:19:20]} c5 {[%clk
01:08:45]} 12. f3 {[%clk 01:14:16]} a6 {[%clk 01:08:32]} 13. a4 {[%clk
01:13:34]} g6 {[%clk 01:08:47]} 14. e4 {[%clk 01:12:29]} Rb8 {[%clk 01:09:04]}
15. Be3 {[%clk 00:59:44]} Bg7 {[%clk 01:04:52]} 16. Qd2 {[%clk 00:43:44]} Ne5
{[%clk 00:58:17]} 17. Na2 {[%clk 00:32:40]} {[%emt 00:05:45]} h6 {[%clk
00:44:52]} {[%emt 00:13:55]} 18. Rfc1 {[%clk 00:25:56]} {[%emt 00:07:14]} b5
{[%clk 00:44:58]} {[%emt 00:00:24]} 19. axb5 {[%clk 00:25:32]} {[%emt
00:00:54]} axb5 {[%clk 00:45:26]} {[%emt 00:00:02]} 20. b4 {[%clk 00:24:53]}
{[%emt 00:01:09]} c4 {[%clk 00:35:03]} {[%emt 00:10:53]} 21. Nc3 {[%clk
00:23:40]} {[%emt 00:01:43]} g5 {[%clk 00:35:09]} {[%emt 00:00:24]} 22. Nh3
{[%clk 00:23:53]} {[%emt 00:00:16]} Bxh3 {[%clk 00:35:34]} {[%emt 00:00:04]} 23.
gxh3 {[%clk 00:24:14]} {[%emt 00:00:09]} Ng6 {[%clk 00:35:55]} {[%emt
00:00:10]} 24. Bf1 {[%clk 00:16:29]} {[%emt 00:08:15]} Nh5 {[%clk 00:35:58]}
{[%emt 00:00:26]} 25. Ra5 {[%clk 00:15:43]} {[%emt 00:01:17]} Qd7 {[%clk
00:30:32]} {[%emt 00:05:56]} 26. Ra7 {[%clk 00:14:52]} {[%emt 00:01:21]} Qc8
{[%clk 00:29:10]} {[%emt 00:01:52]} 27. Ne2 {[%clk 00:12:13]} {[%emt 00:03:09]}
Be5 {[%clk 00:28:16]} {[%emt 00:01:23]} 28. Nd4 {[%clk 00:09:03]} {[%emt
00:03:40]} Nh4 {[%clk 00:24:23]} {[%emt 00:04:22]} 29. Rc3 {[%clk 00:03:52]}
{[%emt 00:05:42]} Nf4 {[%clk 00:18:51]} {[%emt 00:06:02]} 30. Rca3 {[%clk
00:03:37]} {[%emt 00:00:47]} Rb7 {[%clk 00:16:29]} {[%emt 00:02:51]} 31. Rxb7
{[%clk 00:02:58]} {[%emt 00:01:10]} Qxb7 {[%clk 00:16:58]} {[%emt 00:00:02]} 32.
Bf2 {[%clk 00:02:42]} {[%emt 00:00:45]} Nfg6 {[%clk 00:16:12]} {[%emt
00:01:16]} 33. Kh1 {[%clk 00:02:02]} {[%emt 00:01:11]} Ra8 {[%clk 00:13:05]}
{[%emt 00:03:37]} 34. Qa2 {[%clk 00:01:57]} {[%emt 00:00:36]} Rxa3 {[%clk
00:13:17]} {[%emt 00:00:17]} 35. Qxa3 {[%clk 00:02:25]} {[%emt 00:00:02]} Qb6
{[%clk 00:12:38]} {[%emt 00:01:07]} 36. Qa8+ {[%clk 00:01:13]} {[%emt
00:01:44]} Kh7 {[%clk 00:12:49]} {[%emt 00:00:18]} 37. Qa5 {[%clk 00:01:13]}
{[%emt 00:00:31]} Bxd4 {[%clk 00:11:57]} {[%emt 00:01:22]} 38. Qxb6 {[%clk
00:01:41]} {[%emt 00:00:03]} Bxb6 {[%clk 00:12:19]} {[%emt 00:00:08]} 39. Bxb6
{[%clk 00:02:09]} {[%emt 00:00:02]} Nxf3 {[%clk 00:12:38]} {[%emt 00:00:09]} 40.
Be3 {[%clk 00:00:58]} {[%emt 00:01:42]} Nge5 {[%clk 00:11:58]} {[%emt
00:01:07]} 41. Be2 {[%clk 00:22:40]} {[%emt 00:08:50]} Kg6 {[%clk 00:40:08]}
{[%emt 00:02:19]} 42. Kg2 {[%clk 00:21:52]} {[%emt 00:01:18]} Ne1+ {[%clk
00:39:39]} {[%emt 00:00:59]} 43. Kf1 {[%clk 00:22:12]} {[%emt 00:00:10]} N1d3
{[%clk 00:39:31]} {[%emt 00:00:38]} 44. Bd2 {[%clk 00:21:40]} {[%emt 00:01:02]}
f5 {[%clk 00:39:28]} {[%emt 00:00:32]} 45. exf5+ {[%clk 00:21:24]} {[%emt
00:00:47]} Kxf5 {[%clk 00:38:38]} {[%emt 00:01:20]} 46. Bh5 {[%clk 00:21:14]}
{[%emt 00:00:40]} Nf4 {[%clk 00:33:17]} {[%emt 00:05:50]} 47. Be8 {[%clk
00:18:30]} {[%emt 00:03:15]} Nxd5 {[%clk 00:32:07]} {[%emt 00:01:39]} 48. Bxb5
{[%clk 00:18:38]} {[%emt 00:00:22]} c3 {[%clk 00:32:19]} {[%emt 00:00:18]} 49.
Bc1 {[%clk 00:18:39]} {[%emt 00:00:30]} Nxb4 {[%clk 00:32:30]} {[%emt
00:00:19]} 50. Ke2 {[%clk 00:17:41]} {[%emt 00:01:27]} d5 {[%clk 00:29:01]}
{[%emt 00:03:57]} 51. Ba3 {[%clk 00:15:12]} {[%emt 00:03:01]} Nc2 {[%clk
00:29:14]} {[%emt 00:00:17]} 52. Bc5 {[%clk 00:15:07]} {[%emt 00:00:35]} Ke4
{[%clk 00:29:35]} {[%emt 00:00:08]} 53. Ba4 {[%clk 00:11:52]} {[%emt 00:03:46]}
Nd4+ {[%clk 00:29:22]} {[%emt 00:00:42]} 54. Kd1 {[%clk 00:12:10]} {[%emt
00:00:12]} Nc4 {[%clk 00:29:34]} {[%emt 00:00:18]} 55. Bc2+ {[%clk 00:11:29]}
{[%emt 00:01:12]} Nxc2 {[%clk 00:29:48]} {[%emt 00:00:16]} 56. Kxc2 {[%clk
00:11:54]} {[%emt 00:00:05]} d4 {[%clk 00:30:08]} {[%emt 00:00:08]} 57. Bf8
{[%clk 00:09:18]} {[%emt 00:03:07]} Ne3+ {[%clk 00:30:30]} {[%emt 00:00:09]} 58.
Kb3 {[%clk 00:09:41]} {[%emt 00:00:07]} h5 {[%clk 00:29:51]} {[%emt 00:01:08]}
 0-1